Coup de frein sur les carrieres.

Zamestnanecké povolania pred 30 rokmi by boli výhodnejšie ako dnešné. Anketa o povolaní, mobilita pracovníkov a jej typológia. Povolanie bez kvalifikácie je viac-menej neisté, ale potrebné na zaradenie. Sociálny pôvod je tromfom na získanie povolania. Prerušenie povolania škodí jeho aspektom. Manžel...

ver descrição completa

Na minha lista:
Detalhes bibliográficos
Autor principal: Goux, D.
Formato: Capítulo de Livro
Idioma:francês
Assuntos:
Tags: Adicionar Tag
Sem tags, seja o primeiro a adicionar uma tag!

MARC

LEADER 00000naa a2200000 4500
001 r006970
005 20221125091448.8
041 0 |a fre 
044 |a FR 
245 1 0 |a Coup de frein sur les carrieres.  |c D. Goux 
520 |a Zamestnanecké povolania pred 30 rokmi by boli výhodnejšie ako dnešné. Anketa o povolaní, mobilita pracovníkov a jej typológia. Povolanie bez kvalifikácie je viac-menej neisté, ale potrebné na zaradenie. Sociálny pôvod je tromfom na získanie povolania. Prerušenie povolania škodí jeho aspektom. Manželstvo prerušuje povolanie žien, ale dobre pôsobí na povolanie mužov. Príčiny definitívneho prerušenia práce. 
610 2 0 |a povolania 
610 2 0 |a pohyb síl pracovných 
610 2 0 |a kvalifikácia 
610 2 0 |a prieskum sociologický 
610 2 0 |a tabuľky štatistické 
100 1 |a Goux, D.